Statistics for Former Coat of Arms of Modern Countries

Click here to take the quiz!

General Stats

  • This quiz has been taken 61 times
    (60 since last reset)
  • The average score is 9 of 12

Answer Stats

Answer% Correct
Mexico
96%
Greece
94%
Australia
90%
Afghanistan
88%
Philippines
84%
Russia
76%
Egypt
75%
Taiwan
69%
Armenia
61%
Angola
51%
Slovenia
49%
Iceland
20%

Score Distribution

Percentile by Number Answered

Percent of People with Each Score

Your Score History

You have not taken this quiz since the last reset